Central Library OPAC University of Rajshahi

Islam and missions : (Record no. 32792)

MARC details
000 -LEADER
fixed length control field 01117cam a22002891 4500
001 - CONTROL NUMBER
control field 32792
003 - CONTROL NUMBER IDENTIFIER
rucl marc code BD-RjUL
005 - DATE AND TIME OF LATEST TRANSACTION
control field 20211209051909.0
008 - FIXED-LENGTH DATA ELEMENTS--GENERAL INFORMATION
fixed length control field 140428t1911 nyuacf 100 0 eng d
035 ## - SYSTEM CONTROL NUMBER
System control number (BD-RjUL)32882
System control number (OCoLC)3484971
040 ## - CATALOGING SOURCE
Original cataloging agency DLC
Transcribing agency MiGrC
Modifying agency MiGrC
-- OCoLC
-- DLC
-- BD-RjUL
Language of cataloging eng
041 ## - LANGUAGE CODE
Language code of text/sound track or separate title eng
082 04 - DEWEY DECIMAL CLASSIFICATION NUMBER
Classification number 297.9
Author mark and year MII 1911
111 2# - MAIN ENTRY--MEETING NAME
Meeting name or jurisdiction name as entry element Missionary Conference on Behalf of the Mohammedan World
Number of part/section/meeting (2nd :
Date of meeting 1911 :
Location of meeting Lucknow)
9 (RLIN) 99720
245 10 - TITLE STATEMENT
Title Islam and missions :
Remainder of title being papers read at the second Missionary conference on behalf of the Mohammedan world at Lucknow, January 23-28, 1911 /
Statement of responsibility, etc. ed. by E. M. Wherry, D.D., S. M. Zwemer, D.D., C. G. Mylrea, M.A.
260 ## - PUBLICATION, DISTRIBUTION, ETC. (IMPRINT)
Place of publication, distribution, etc. New York ;
-- Chicago:
Name of publisher, distributor, etc. Fleming H. Revell company,
Date of publication, distribution, etc. c1911.
300 ## - PHYSICAL DESCRIPTION
Pagination 298 p. :
Illustrations ill. ;
Size 22 cm.
650 #0 - SUBJECT ADDED ENTRY--TOPICAL TERM
Topical term or geographic name as entry element Islam.
9 (RLIN) 99714
Topical term or geographic name as entry element Missions.
9 (RLIN) 99715
700 1# - ADDED ENTRY--PERSONAL NAME
Personal name Wherry, E. M.
Fuller form of name (Elwood Morris),
Dates associated with a name 1843-1927,
Relator term ed.
Personal name Zwemer, Samuel Marinus,
Dates associated with a name 1867-1952.
Personal name Mylrea, C. G.,
Relator term joint ed.
942 ## - ADDED ENTRY ELEMENTS (KOHA)
Source of classification or shelving scheme Dewey Decimal Classification
Koha item type Books
Holdings
Lost status Source of classification or shelving scheme Damaged status Not for loan Collection code Permanent Location Current Location Shelving location Date acquired Source of acquisition Cost, normal purchase price Total Checkouts Full call number Date last seen Copy number Koha item type
  Dewey Decimal Classification   Not For Loan Non-fiction Central Library, University of Rajshahi Central Library, University of Rajshahi Reading Room 19/11/1966 A.I qureshi 12.00   297.9 MII 1911 28/04/2014 C-1 Books